Leader xxxxxxxxxx
001 __ PCLIS00049357
005 __ 20220701085756.0
010 0_ |b盒裝|dNT$680
019 __ |a2733051014020|2EAN
100 __ |a20151109g20132016em y0chiy09 e
101 0_ |achi
102 __ |atw
126 __ |aagbzhxxa cd|bbex
127 __ |a005722|a005913|a006047|a005950|a005816|a005901|a003926
200 1_ |a紅樓夢青年版|b錄音資料|h(二)|f蔣勳主講
204 0_ |a錄音資料
210 __ |a臺北市|c財團法人趨勢教育基金會發行出版|c三民書局總經銷|d2014
215 0_ |a7張雷射唱片(約393分55秒)|c數位, 立體聲|d4 3/4吋|e1冊導讀書(51面)
225 2_ |a蔣勳系列有聲書
225 2_ |a文化聲勢
300 __ |a盛裝盒題名: 紅樓夢青年版(二) : 大觀園青春記事 : 《紅樓夢》二十一至四十回的故事
300 __ |a作者號由t038補0, 由t561刪除0
300 __ |a技術細節註: CD
301 __ |a2733051014020
322 __ |a監製: 楊豐雄 ; 錄音: 李雅婷 ; 後製: 張書銘
327 1_ |a上卷: Disc 01: 01, 梳頭--2, 燈謎讖--3, 青春王國--Disc 02: 1, 賈芸求職記--2, 魔法阿婆--3, 手帕--Disc 03: 1, 葬花--2, 邂逅蔣玉菡--3, 酬神戲--Disc 04: 1, 金釧--2, 撕扇--3, 寶玉的心事--下卷: Disc 05: 1, 賈政之怒--2, 淚痕詩句--3, 療傷--Disc 06: 1, 個人得個人的眼淚--2, 海棠詩社--3, 詠菊--Disc 07: 1, 賈母與劉姥姥--2, 軟煙羅
330 __ |a蔣勳《紅樓夢青年版(二)》,一本笑淚交織的青春記事,獻給所有曾經青春,或正值青春的人,無論你現在是十三歲,或是三十歲,一定會記得我們一起走過的花開花落。大觀園裡,一個春天到夏天的青春記事。許多青春的心事,可說,或不可說,像春光裡一片花開爛漫,彩蝶展翅翩翩,陽光耀眼,或者,落花隨涓涓流水而逝。青春王國裡,各人有各人的心事,各人看到各人的風景,各人也要了各人的因果。那年的春天,第一個大觀園的春天,有人告別花神,有人戲舞翩翩彩蝶,有人獨自葬花,都在那一季的繁花前,認了自己的前生。大觀園裡有一個秘密的花的墳塚,每一個人心中,也都有一個秘密的青春的墳塚。
339 __ |a全套六部,館藏一∼四部
410 _0 |12001 |a蔣勳系列有聲書
410 _0 |12001 |a文化聲勢
500 11 |a紅樓夢|m中文
517 1_ |a紅樓夢青年版(二)|e大觀園青春記事|e《紅樓夢》二十一至四十回的故事|zchi
517 1_ |a大觀園青春記事|zchi
517 1_ |a《紅樓夢》二十一至四十回的故事|zchi
517 1_ |a紅樓夢二十一至四十回的故事|zchi
681 __ |a857.49|b848
681 __ |a857.49|b8480 v.2
681 __ |a857.49|b8480|v增訂八版
700 _1 |a蔣|b勳|f1947- |4主講
801 _0 |atw|b內湖高中|c20151109|gCCR
801 _2 |atw|b內湖高中|c20220630|gCCR
|